SADRU'D-DİN-İ KONEVÎ HAYATI,ÇEVRESİ VE ESERLERİ (Record no. 1111167)

MARC details
000 -LEADER
sabit uzunluktaki kontrol alanı 00287nam a2200097Ia 4500
001 - KONTROL NUMARASI
kontrol alanı 1111167
005 - EN SON İŞLEMİN TARİH VE ZAMANI
kontrol alanı 20250827003906.0
008 - SABİT-UZUNLUKTA VERİ ÖĞELERİ--GENEL BİLGİ
sabit uzunluktaki kontrol alanı 250824s9999 xx 000 0 und d
245 #0 - ESER / YAZAR
ESER ADI SADRU'D-DİN-İ KONEVÎ HAYATI,ÇEVRESİ VE ESERLERİ
Yazar Adı MİKÂİL BAYRAM
260 ## - YAYIN, DAĞITIM, VB.
YAYIN EVİ HİKMETEVİ YAYINLARI
Holdings
Düşüm durumu Kayıp durumu Hasar Durumu Ödünç verilmez Ana kütüphane Geçerli Kütüphane Edinilen tarih Toplam ödünç verme sayısı Barkod Son görüntüleme tarihi Fiyatın geçerli olmaya başladığı tarih Koha materyal türü
        YÜZÜNCÜ YIL MESLEKİ EĞİTİM MERKEZİ YÜZÜNCÜ YIL MESLEKİ EĞİTİM MERKEZİ 24.08.2025   1090303 27.08.2025 27.08.2025 Books